000 nam a22 7a 4500
999 _c9811
_d9811
008 180208b ||||| |||| 00| 0 eng d
100 _aEliot, G
_95903
245 _aDaniel Deronda
260 _aLondon
_bWords woth Publication
_c2003